00458nam a2200133Ia 4500008004100000100002400041245006600065245004400131260005300175260000900228300001100237650001500248856006100263170221s9999 xx 000 0 und d aLyubov G. Savenkova aInnovative Directions in Children and Youth’ Art Education  cLyubov G. Savenkova, Olga I. Radomskaya bInternational Review of Management and Marketing c2016 a6 : 3S xMarketing. uhttp://www.econjournals.com/index.php/irmm/issue/view/75